TOP 30 POLSKI RAP/TRAP - CZERWIEC 2020 - Statystyki

Ogólne statystyki
  • Ten quiz został rozwiązany 157 razy
  • Średni wynik to 13 z 30
Statystyki odpowiedzi
Miejsce Wykonawca Tytuł % Poprawnych
#01 SB Maffija A nie pamiętasz jak?
82%
#03 SB Maffija Hotel Maffija
82%
#02 White 2115 Morgan
73%
#04 Mr Polska ft. Bedoes Marzenia
69%
#21 fukaJ Owoce 3
60%
#07 Białas ft. Szpaku Sępy
60%
#08 SB Maffija Nie ma raju bez węża
53%
#11 Żabson ft. Beteo, BENITO TUZZA HOOD ANGEL
50%
#05 Szpaku x Rolex Kamizelka
50%
#14 SB Maffija Przepis na dzień dobry
50%
#15 SB Maffija Lasy
49%
#28 Kizo ft. Wac ToJa LUCKY PUNCH
49%
#10 SB Maffija Zimna noc i szybkie auta
49%
#13 SB Maffija Dla sióstr
48%
#06 Kizo ART
47%
#12 SB Maffija Biorę się w garść
46%
#27 Szpaku Różowa Pantera
44%
#16 chillwagon robale
43%
#25 Szczyl Banda
42%
#20 SB Maffija ZNOWU RAZEM
32%
#30 Przyłu Usta
28%
#19 Gedz Urwis
27%
#22 Sentino ft. Bedoes Brak Słów
25%
#26 kartky ft. Oliver Olson ostatni track
21%
#09 Dj Decks ft. Śliwa, DGE, Słoń, Kaczor, Sheller, Paluch Siedem
21%
#29 Qry // Zetha Gry
20%
#23 Avi x Louis Villain VENI
18%
#18 XL Tańcz
15%
#24 Tymek x Awich Aligator
12%
#17 Małach ft. Shellerini, DJ Shoodee Idę
12%
Nie znaleziono quizów pasujących do podanych kryteriów
Rozkład punktacji
Procent ludzi z każdym wynikiem
Percentyl według liczby udzielonych odpowiedzi
Twoja historia wyników
Nie rozwiązałeś tego quizu